000 00989nam a2200217Ii 4500
003 JO-AjNU
008 230605s9999||||xx |||||||||||||| ||und||
017 _a2006/3/679
040 _aJO-AjNU
_bara
_erda
_cJO-AjNU
041 _aara
050 1 4 _aKBP144.2.D3.S2252.2006
100 3 _a الصمادي ، كمال علي صالح ,
_eauthor
_935787
245 0 0 _aاجتهاد محكمة الاستئناف الشرعية في مسائل التفريق التي لا يرد بها نص خاص في قانون الأحوال الشخصية
250 _aط1
264 3 1 _aاربد : كمال علي صالح الصمادي ، 2006
300 _a282ص
336 _atext
_btxt
_2rdacontent
337 _aunmediated
_bn
_2rdamedia
338 _avolume
_bnc
_2rdacarrier
650 4 _aمحاكم الاستئناف - قانون - الاحوال الشخصية - اجراءات الاستئناف - احوال شخصية - الزواج والطلاق - قوانين وتشريعات
_935788
999 _aA14808
_c18376
_d18376